[Event "Latschach op 24th"]
[Site "Latschach"]
[Date "2008.08.12"]
[Round "5"]
[White "Fieshi, Lorenzo"]
[Black "Lommers, Frank"]
[Result "0-1"]
[WhiteElo "2075"]
[BlackElo "2171"]
[PlyCount "60"]
[EventDate "2008.08.09"]
[EventType "swiss"]
[EventRounds "9"]
[EventCountry "AUT"]
[SourceTitle "CBM 125 Extra"]
[Source "ChessBase"]
[SourceDate "2008.09.01"]
[SourceVersion "1"]
[SourceVersionDate "2008.09.01"]
[SourceQuality "1"]

1. d4 Nf6 2. Nf3 g6 3. c4 c5 4. d5 b5 5. Nfd2 Bg7 6. e4 0-0 7. cxb5 e6 8. dxe6 fxe6 9. Nc3 d5 10. Be2 Bb7 11. Qc2 a6 12. 0-0 axb5 13. Bxb5 c4 14. Nd1 Qb6 15. a4 Na6 16. Bxa6 Bxa6 17. Re1 Ng4 18. Nf3 d4 19. Bg5 Rxf3 20. gxf3 Ne5 21. Kg2 Rf8 22. f4 Nd3 23. Rg1 h6 24. Be7 Qb7 25. Bxf8 Qxe4+ 26. Kf1 Qe1+ 27. Kg2 Bb7+ 28. Kh3 Nxf4+ 29. Kg4 Qxg1+ 30. Kxf4 g5# 0-1